Analýza možností P2P platforiem v oblasti úverovania a financovania diplomová práca

Saved in:
Bibliographic Details
Main Author: Hano, Andrej
Corporate Author: Fakulta podnikového manažmentu EU. Katedra podnikových financií
Other Authors: Kubranová, Magdaléna, 1956-
Format: Book
Language:Slovak
Published: Bratislava 2020
Tags: Add Tag
No Tags, Be the first to tag this record!

MARC

LEADER 00000nbm a2200000 4500
001 0275471
005 20211129084154.6
041 0 |a slo 
044 |a SK 
245 1 0 |a Analýza možností P2P platforiem v oblasti úverovania a financovania  |b diplomová práca  |c Andrej Hano ; školiteľ: Magdaléna Kubranová 
264 1 |a Bratislava  |c 2020 
300 |a 68 s. 
100 1 |a Hano, Andrej 
700 1 |a Kubranová, Magdaléna, 1956- 
710 2 |a Fakulta podnikového manažmentu EU. Katedra podnikových financií